| 000 | 00859na a2200253 4500 | ||
|---|---|---|---|
| 001 | 23913 | ||
| 003 | MIRAKIL | ||
| 005 | 20181213155323.0 | ||
| 008 | 180119b tu 000 0 | ||
| 020 | _a9751909643 | ||
| 040 |
_aMilas _btur _cTR-AnCHP |
||
| 041 |
_atur _aeng |
||
| 082 |
_a305.4021 _bD38i 1995 |
||
| 090 | _a305.4021 D38i 1995 | ||
| 110 | _aDevlet İstatistik Enstitüsü (DİE) | ||
| 245 |
_aİstatistiklerle kadın 1927-1992= Women in statıstıc _cDevlet İstatistik Enstitüsü (DİE) |
||
| 260 |
_aAnkara _bDevlet İstatistik Enstitüsü (DİE) _c1995 |
||
| 300 |
_axviii, 242 s. _btbl. , grf. , şkl. _c29 sm. |
||
| 440 |
_aDevlet İstatistik Enstitüsü _vyayın no: 1712 |
||
| 650 |
_aKadınlar _xİstatistikler, 1927-1992 |
||
| 650 |
_aKadınlar _xTürkiye |
||
| 710 | _aDevlet İstatistik Enstitüsü (DİE) | ||
| 942 |
_2ddc _cBKS |
||
| 999 |
_c10479 _d10479 |
||